00717cam a22002291 4500952012600000999001700126001000800143003000400151005001700155008004100172040000900213042001200222082001800234100002400252245004200276260003600318300000900354500002000363650001700383906004500400942004200445 00102ddc40708LAWaMESbMEScLAWd2019-02-20g10.00l0o340.59 RAM/Ip6385r2019-02-20 00:00:00w2019-02-20yBKzGL9R4 c34805d348059369487OSt20200201103721.0770808s1961 enk 001 0 eng  coclc apremarc a340.59bRAM/I aRamadan, Said9173710aIslamic law :bits scope and equity / aLondon,bP.R. Macmillanc[1961] a184p aIncludes index. 0aIslamic law. a7bcbccoclcrplduencipf19gy-gencatlg 2ddccBKh340.59iRAM/Ik340.59mRAM/I